| 000 | 01020cam a2200325 4500 | ||
|---|---|---|---|
| 999 |
_c200441287 _d59499 |
||
| 001 | 3238490 | ||
| 003 | TR-AnTOB | ||
| 005 | 20241022145628.0 | ||
| 008 | 700911s1967 fr b 000 0 eng | ||
| 010 | _a 79379906 | ||
| 015 | _aF*** | ||
| 040 |
_aDLC _cDLC _dDLC _dTR-AnTOB _beng _erda |
||
| 041 | 0 | _aeng | |
| 043 | _af-nr--- | ||
| 050 | 0 | 4 |
_aHC517.N48 _bL48 1967 |
| 090 |
_aHC517.N48 _bL48 1967 |
||
| 100 | 1 |
_aLewis, W. Arthur _q(William Arthur), _d1915-1991 _959914 |
|
| 245 | 1 | 0 |
_aReflections on Nigeria's economic growth / _c[by] W. Arthur Lewis. |
| 264 | 1 |
_a[Paris]; _bDevelopment Centre of the Organisation for Economic Cooperation and Development, _c[1967]. |
|
| 300 |
_a65 pages: _c24 cm. |
||
| 336 |
_2rdacontent _atext _btxt |
||
| 337 |
_2rdamedia _aunmediated _bn |
||
| 338 |
_2rdacarrier _avolume _bnc |
||
| 350 |
_a6.00 _a($1.50) |
||
| 490 | 0 | _aDevelopment Centre studies | |
| 651 | 0 |
_aNigeria _xEconomic conditions _9113564 |
|
| 942 |
_2lcc _cBK |
||